000 00428pab a2200157 454500
008 180718b2003 xxu||||| |||| 00| 0 eng d
100 _aFrisbie, W. Parker
245 _aHispanic pregnancy outcomes: differentials over time and current risk factor effects
260 _c2003
300 _ap.237-52
362 _aMay
650 _aPregnancy
700 _asong, Seung-eun
773 _aPolicy Studies Journal
909 _a56749
999 _c56749
_d56749